Pomer k veci trestné právo

Bibliographic Details
Main Authors: Babiaková, Eva (Author), Ľalík, Milan, 1953- (Author), Sučanská, Daniela (Author), Minárik, Štefan (Author), Ďurišová, Zuzana (Author)
Format: Article
Language:Slovak
ISSN:1335-177X
Subjects:

MARC

LEADER 00000nab a2200000 a 4500
001 vtls010037995
003 SK-MaSNL
005 20260304183325.0
008 250708c2009 xo br|p|||||||000 b|slo
015 |a SNBRB2009/12  |2 snkbucl 
035 |a (sysno)vtls010037995 
035 |a urn:nbn:sk:snk-ab72bb 
035 |a (uuid)92c1eafc-11f0-4f4c-b417-d05e8339b1f9 
035 |a (urnnbn)urn:nbn:sk:snk:ar-a06plx 
038 |a SNKBUCL 
040 |a SNKBUCL  |b slo  |c SNKBUCL  |e AACR2 
041 0 |a slo 
044 |a xo  |c SK 
080 |a 343  |2 2001 
080 |a 347.95  |2 2001 
245 0 0 |a Pomer k veci  |b trestné právo  |c Eva Babiaková ... [et al.] 
650 0 7 |a trestné právo  |2 snkbucl  |9 984 
650 0 7 |a pomer k veci  |2 snkbucl  |9 1515055 
650 0 7 |a súdne rozhodnutia a stanoviská  |2 snkbucl  |9 4638 
650 0 7 |a súdne spory  |2 snkbucl  |9 59780 
700 1 |a Babiaková, Eva  |4 aut  |9 337856 
700 1 |a Ľalík, Milan,  |d 1953-  |4 aut  |9 248683 
700 1 |a Sučanská, Daniela  |4 aut  |9 534586 
700 1 |a Minárik, Štefan  |4 aut  |9 278173 
700 1 |a Ďurišová, Zuzana  |4 aut  |9 279539 
773 0 |t Zo súdnej praxe  |g Roč. 14, č. 6 (2009), s. 225-227  |x 1335-177X 
850 |a Slovenská národná knižnica 
852 |a Slovenská národná knižnica 
954 |a odborná, vedecká literatúra pôvodná (slovenská)  |2 lita 
958 |a article27 
958 |a SK 
958 |a OND 
958 |a EUIPO 
999 |c 3034331  |d 3036261